| 000 | 01006 a2200265 4500 | ||
|---|---|---|---|
| 003 | Nust | ||
| 005 | 20170207154011.0 | ||
| 010 | _a 2002115470 | ||
| 020 | _a078214148X (pbk.) : | ||
| 035 | _a(DLC)12990954 | ||
| 040 | _cNust | ||
| 082 | 0 | 0 | _a005.7 |
| 100 | 1 | _aHarkins, Susan Sales. | |
| 245 | 1 | 0 |
_aMastering Dreamweaver MX databases (E-Book) _cSusan Sales Harkins, Bryan Chamberlain and Darren McGee. |
| 260 |
_aSan Francisco : _bSYBEX, _cc2003. |
||
| 300 |
_axxv, 707 p. : _bill. ; _c23 cm. + _e1 CD-ROM (4 3/4 in.) |
||
| 650 | 0 |
_aWeb sites _xAuthoring programs. |
|
| 650 | 0 |
_aWeb sites _xDesign. |
|
| 651 | _aE-Book | ||
| 700 | 1 | _aChamberlain, Bryan. | |
| 700 | 1 | _aMcGee, Darren. | |
| 856 | 4 | 2 |
_3Contributor biographical information _uhttp://www.loc.gov/catdir/enhancements/fy0613/2002115470-b.html |
| 856 | 4 | 2 |
_3Publisher description _uhttp://www.loc.gov/catdir/enhancements/fy0613/2002115470-d.html |
| 856 | 4 | 2 |
_3Table of contents only _uhttp://www.loc.gov/catdir/enhancements/fy0613/2002115470-t.html |
| 942 |
_2ddc _cBK |
||
| 999 |
_c191219 _d191219 |
||